000 00639nam a2200193Ia 4500
003 GCL
008 140319s9999 xx 000 0 ara d
040 _aGCL /
_cGCL
082 0 4 _a822.008
_bم م
100 1 _aميللر, ارثر
245 1 0 _aمنظر من الجسر (هدية من الاديب عبدالفتاح الجمل) /
_cميللر, ارثر
700 1 _aكامل يوسف
700 1 _aزغلول فهمى
300 _a163 ص
490 _aمسرحيات مختارة
_v0
650 0 4 _aالادب الامريكى المترجم
650 0 4 _aالمسرحيات الامريكية المترجمة
942 _2ddc
_cBK
999 _c47261
_d47261